LIBRARY ONLINE CATALOGUE

Digital dilemmas and solutions / (Record no. 7480)

MARC details
000 -LEADER
fixed length control field 00539nam a22001932 4500
001 - CONTROL NUMBER
control field 0000007278
005 - DATE AND TIME OF LATEST TRANSACTION
control field 20151217152028.0
008 - FIXED-LENGTH DATA ELEMENTS--GENERAL INFORMATION
fixed length control field 071218s xx 000 0 eng d
020 ## - INTERNATIONAL STANDARD BOOK NUMBER
International Standard Book Number 1843340402 :
Terms of availability KES
040 ## - CATALOGING SOURCE
Original cataloging agency KABU
Transcribing agency KABU
100 1# - MAIN ENTRY--PERSONAL NAME
Personal name Limb, Peter.
-- 0000158488
245 10 - TITLE STATEMENT
Title Digital dilemmas and solutions /
Statement of responsibility, etc. Peter Limb.
260 ## - PUBLICATION, DISTRIBUTION, ETC. (IMPRINT)
Place of publication, distribution, etc. Oxford :
Name of publisher, distributor, etc. Chandos,
Date of publication, distribution, etc. 2004.
300 ## - PHYSICAL DESCRIPTION
Extent xvii, 193 p.
650 #0 - SUBJECT ADDED ENTRY--TOPICAL TERM
Topical term or geographic name as entry element Digital libraries.
-- 0000156726
908 ## - PUT COMMAND PARAMETER (RLIN)
Put command parameter 071218
950 ## - LOCAL HOLDINGS (RLIN)
-- 1
Holdings
Withdrawn status Lost status Source of classification or shelving scheme Not for loan Home library Current library Date acquired Total Checkouts Full call number Barcode Date last seen Price effective from Koha item type
    Library of Congress Classification   Kabarak, Main Campus Kabarak, Main Campus 17/12/2015   ZA4080 .L56 011676 17/12/2015 17/12/2015 General Collection